|
|
|
|
| LEADER |
00000nas a22000007a 4500 |
| 005 |
20111125105149.0 |
| 007 |
cr|||| |||| |
| 008 |
111125s20019999cy |||| ||||| 0|||b1eng d |
| 035 |
|
|
|a 1913
|
| 040 |
|
|
|a vLex
|
| 090 |
|
|
|c 2799
|d 2799
|
| 245 |
0 |
0 |
|a Cyprus Law Articles in English
|h [Recurso electrn̤ico]
|
| 256 |
|
|
|a Servicio en ln̕ea
|
| 260 |
|
|
|a [s.l] :
|b Mondaq,
|c 2001 -
|
| 300 |
|
|
|a 1 recurso electrn̤ico
|
| 310 |
|
|
|a Irregular
|
| 506 |
1 |
|
|a Contenido solo disponible en los productos indicados
|d vLex Global
|d vLex Global (Academic Edition, excluding Law Schools)
|d vLex Global (U.S. Academic Edition, Law Schools)
|d vLex Global (U.S. Academic Edition, excluding Law Schools)
|d vLex Global (Academic Edition, Law Schools)
|
| 650 |
0 |
4 |
|a Derecho
|v Revistas
|z Finlandia
|
| 740 |
0 |
|
|a vLex Revistas (Servicio en ln̕ea)
|
| 856 |
4 |
0 |
|u http://vlex.com/source/cyprus-law-articles-english-1913
|z Acceso restringido
|
| 942 |
|
|
|c REV
|